00695nam a2200253 a 4500001001300000003000900013005001700022008004100039020001000080082001300090100002400103245002200127260004200149300000900191500003500200505001000235650001400245650002500259700002400284902000800308942000700316952010300323999001500426nice12345678IN_TiNIC20260116011501.0050524s1837 oxoa grm 000 0 15g  ac10000a185bBEK aBekkeri, Immanuelis aAristotelis Opera aOxoniibE.Typographeo Academicoc1837 a500p aincludes index and biblioraphy2 aIndex aAristotle aPhilosophy-Aristotle1 aBekkeri, Immanuelis bRHR cPM 001040708REFaHMIbHMIcREFd2007-03-16g100.00l0o185 BEKp1728r2007-03-16w2026-01-16yARB c1946d1946